000 00647nam a2200229Ia 4500
003 OSt
005 20220918204337.0
006 a|||||r|||| 00| 0
007 ta
008 220917b |||||||| |||| 00| 0 eng d
024 _a112,233
037 _cTextual
040 _aARTS
_cARTS
_beng
041 _2eng
_aeng
082 _aV53:19:L4, G6;1
100 _aWilson AM
_9111677
245 0 _aFrench foreign policy during the administration of cardinal Fleury
_b study in diplomacy and commercial 1726-1743
260 _c1936
650 _aHISTORY
942 _hV53:19:L4, G6;1
_cTEXL
_2CC
999 _c235582
_d235582